000 00445cam a22001934a 4500
005 20250605164253.0
008 250528s ||||||||||||||||||||||||d
035 _a21830
020 _a9780132197885
040 _aGR-AtMCL
_bgre
_dGR-AtMCL
_eAACR2
245 1 _aDRUGS AND BEHAVIOR
250 _a6
260 _bPrentice Hall,
_c2007
300 _a416
700 1 _aMckim William
_9137
942 _cBK
999 _c6888
_d6888